| 000 | 00744nam a2200205 a 4500 | ||
|---|---|---|---|
| 005 | 20240615063639.0 | ||
| 008 | 991125s1920 es 000 0 spa u | ||
| 035 | _aUPN01000042980 | ||
| 049 | _aCE | ||
| 050 | 4 |
_aLB1027.5 _bP7.3 |
|
| 100 | 0 |
_aAltea, _cconde de, _d1901- _930702 |
|
| 245 | 1 | 3 |
_aLa orientación profesional y la escuela / _cpor el Conde de Altea. |
| 260 |
_aMadrid : _bLa Lectura, _c[192-]. |
||
| 300 | _a53 p. | ||
| 440 | 0 |
_aCiencia y educación. _pFolletos |
|
| 501 | _aCon: La pratique de l'orientation : une annés de fonctionnement á l'office populaire d'O.P | ||
| 650 | 4 |
_aOrientación vocacional _95 |
|
| 740 | 3 | _aLa pratique de l'orientation : une annés de fonctionnement á l'office populaire d'O.P | |
| 905 | _aLibro | ||
| 999 |
_c42980 _d42980 |
||